| 000 | 00574nam a22002177a 4500 | ||
|---|---|---|---|
| 003 | OSt | ||
| 005 | 20221117031627.0 | ||
| 008 | 160126b xxu||||| |||| 00| 0 eng d | ||
| 020 | _a8170004896 | ||
| 040 |
_aMMU _beng _cMMU _dMMU |
||
| 050 |
_aZ694 _b.L35 2006 |
||
| 100 | _aLal C. | ||
| 245 |
_aPractical Cataloguing (AACR-2)/ _cC Lal. |
||
| 260 |
_aNew Delhi : _bEss Ess, _c2006. |
||
| 300 |
_a376 p. : _bill. ; |
||
| 500 | _aIncludes index | ||
| 650 | _aCataloguing AACR_2 | ||
| 700 | _aK. Kumar | ||
| 942 |
_2lcc _cLOAN LOAN |
||
| 980 | _a^d20120125 02:53:56^okorir | ||
| 999 |
_c8688 _d8688 |
||